000
00191 a2200097 4500
020
_a
9780395630822
041
_a
spa
100
_a
Nuria Gomez
245
_a
Rafa el niò¨ invisible
942
_c
K
999
_c
30773
_d
30771